Kỹ thuật lập trình Turbo Pascal 5 - 7 : Giáo trình cơ cở và nâng cao với kỹ thuật lập trình hướng đối tượng

Сохранить в:
Библиографические подробности
Главный автор: Phạm, Văn Ất
Формат:
Язык:Undetermined
Опубликовано: Hà Nội Khoa học kỹ thuật 1996
Предметы:
Метки: Добавить метку
Нет меток, Требуется 1-ая метка записи!
Thư viện lưu trữ: Trung tâm Học liệu Trường Đại học Cần Thơ
LEADER 00652nam a2200181Ia 4500
001 CTU_51
008 210402s9999 xx 000 0 und d
082 |a 005.133 
082 |b Â124 
100 |a Phạm, Văn Ất 
245 0 |a Kỹ thuật lập trình Turbo Pascal 5 - 7 : 
245 0 |b Giáo trình cơ cở và nâng cao với kỹ thuật lập trình hướng đối tượng 
245 0 |c Phạm Văn Ất 
260 |a Hà Nội 
260 |b Khoa học kỹ thuật 
260 |c 1996 
650 |a Pascal ( electronic programming computers ) 
980 |a Trung tâm Học liệu Trường Đại học Cần Thơ